| 000 | 00382 a2200157 4500 | ||
|---|---|---|---|
| 001 | 71338 | ||
| 020 | _a8521504705 | ||
| 040 | _cAnchieta - Colégio São Paulo | ||
| 100 | _aSá, Jorge de | ||
| 240 | 1 | 0 |
_aRei Zangado & Rainha Furibunda _lpor |
| 245 | 1 | 0 | _aRei Zangado & Rainha Furibunda |
| 300 | _a[13]p. | ||
| 362 | 0 | _a1989 | |
| 650 | 4 | _aLiteratura infanto-juvenil | |
| 942 | _cBK | ||
| 999 |
_c71338 _d71338 |
||